000 00354nam a2200133Ia 4500
999 _c465
_d465
020 _a0-19-212970-8
082 _aRR 423 OXF-
100 _aOxford Dictionary Department/;
245 0 _aOxford dictionary for writers and editors
260 _aOxford
_bClarendon Press
_c1981
300 _axiv, 448p.
650 _aEnglish language - Dictionaries
942 _cBK